Alle Länder des Britischen Kolonialreichs (mit Karte) - Statistiken

Allgemein
  • Dieses Quiz wurde 38 mal gespielt
  • Das Durchschnittsergebnis liegt bei 61 aus 74
Antworten auf der Karte
Die Antworten werden auf der Karte rot bzw. grün angezeigt, abhängig davon wie oft sie richtig erraten wurden.
 
Antwortstatistiken
Land % Korrekt
Guyana
100%
Kanada
100%
Ägypten
97%
Irland
97%
Libyen
97%
Nigeria
97%
Sudan
97%
Südsudan
97%
Bangladesch
94%
Grossbritannien
94%
Indien
94%
Irak
94%
Jemen
94%
Jordanien
94%
Nepal
94%
Oman
94%
Pakistan
94%
Saudiarabien
94%
Vereinigte Arabische Emirate
94%
Australien
91%
Bahamas
91%
Ghana
91%
Katar
91%
Kenia
91%
Kuwait
91%
Lesotho
91%
Myanmar
91%
Namibia
91%
Papua-Neuguinea
91%
Tansania
91%
Zypern
91%
Bhutan
88%
Botswana
88%
Eswatini
88%
Israel
88%
Jamaika
88%
Neuseeland
88%
Simbabwe
88%
Somalia
88%
Bahrain
84%
Malawi
84%
Malaysia
84%
Sambia
84%
Sri Lanka
84%
Trinidad und Tobago
84%
Türkei
84%
Uganda
84%
Barbados
81%
Belize
81%
Grenada
81%
Antigua und Barbuda
78%
Saint Lucia
78%
Sierra Leone
78%
Singapur
78%
Brunei
75%
Dominica
75%
Kamerun
75%
Fidschi
72%
Kiribati
72%
Malta
72%
Salomonen
72%
China
69%
Malediven
69%
Nauru
69%
Samoa
69%
Tonga
66%
Tuvalu
66%
Vanuatu
66%
Mauritius
63%
Seychellen
59%
Gambia
41%
Saint Kitts und Nevis
38%
Saint Vincent und die Grenadinen
38%
Südafrica
9%
Keine übereinstimmenden Quizze gefunden
Verteilung der Resultate
Anzahl Personen mit jedem Resultat
Perzentil nach korrekt beantworteten Fragen
Ihre Resultats-Entwicklung
Sie haben dieses Quiz noch nicht gespielt